| 000 | 00792cam a2200157 4500500 | ||
|---|---|---|---|
| 005 | 20260405000529.0 | ||
| 041 | _afre | ||
| 042 | _adc | ||
| 100 | 1 | 0 |
_aPicq, Jean _eauthor |
| 245 | 0 | 0 | _aEurope and Its States in Globalization |
| 260 | _c2010. | ||
| 500 | _a47 | ||
| 520 | _aThe causes for the discontent fuelling the Arab revolutions are to be found in a western politics of divide and rule over the past century, argues Gérard Khoury. Will democratically elected Arab leaders make a break with the practices of their predecessors, or will new repressive regimes emerge sustained by western complicity? | ||
| 786 | 0 | _nÉtudes | Volume 413 | 11 | 2010-10-29 | p. 449-459 | 0014-1941 | |
| 856 | 4 | 1 | _uhttps://shs.cairn.info/journal-etudes-2010-11-page-449?lang=en&redirect-ssocas=7080 |
| 999 |
_c2038042 _d2038042 |
||